• 首页
  • 本馆介绍
  • 公告通知
  • 最新文献
  • 馆藏检索
  • 电子资源
  • 读者导购
  • 参考咨询
  • 我的图书馆
  • 登录
  • 详细信息显示
  • 放入我的书架
  • 预约/预借图书
  • 作者相关作品
  • 分类相关作品
  • 丛书相关作品
  • 出版社相关作品

书目信息

  • 表格格式
  • 工作单格式
  • 卡片格式
题名:
孙冶方颂
    
 
作者: ;光明日报出版社 编辑
分册:  
出版信息: 北京   光明日报出版社  1983
页数: 94页
开本: 19cm
丛书名:
单 册:
中图分类: K824.1
科图分类:
主题词: 人物--传记--中国 , 通讯--中国--现代
电子资源:
ISBN:
000 00736nam0 2200253 45
001 0183001934
005 20060403094700.65
010    @dCNY0.32
091    @a3263.009
100    @a19950404d1983 em y0chiy0121 ea
101 0  @achi
102    @aCN@b110000
105    @ay 000zb
200 10 @a孙冶方颂@Asun ye fang song@f光明日报出版社编辑@Fguang ming ri bao chu ban she bian ji
210    @a北京@c光明日报出版社@d1983
215    @a94页@d19cm
600  0 @a孙冶方@x生平事迹
606 0  @a人物@x传记@x中国
606    @a通讯@y中国@z现代
690    @aK824.1
711  0 @a光明日报出版社@Aguang ming ri bao chu ban she@4编辑
801  2 @aCN@bNLC@c20060403
801  0 @aCN@b上海图书馆@c20040513
905    @f3@b102471-473@dK824.1@e9
    
    孙冶方颂/光明日报出版社编辑.-北京:光明日报出版社,1983
    94页;19cm
    
    
    ISBN :CNY0.32
    
●
相关链接 在E读中查询图书 在五车中查询图书 在当当中查询图书 在豆瓣中查询图书


正题名:孙冶方颂     索取号:K824.1/9         预约/预借

序号 登录号 条形码 馆藏地/架位号 状态 备注
1 0102470   202214941   密集书库/ [索取号:K824.1/9] 在馆    
2 0102471   001393815   密集书库/ [索取号:K824.1/9] 在馆    
3 0102472   001393851   密集书库/ [索取号:K824.1/9] 在馆    
4 0102473   001393771   密集书库/ [索取号:K824.1/9] 在馆    
5 0102474   001393735   密集书库/ [索取号:K824.1/9] 在馆    
唐山师范学院图书馆 欢迎您!
大连网信软件有限公司© 版权所有